LEADER 00748nam0-2200265 --450 001 9910312350603321 005 20190328155350.0 020 $aIT$b6611425 100 $a20190328d1965----kmuy0itay5050 ba 101 0 $aita 102 $aIT 105 $a 001yy 200 1 $aRealtà dell'architettura$easpetti e momenti di un'esperienza$fLuciana Natoli Di Cristina 210 $aPalermo$cLo Monaco$d1965 215 $a52 p.$d24 cm 610 0 $aArchitettura 676 $a720.4$v16 700 1$aNatoli Di Cristina,$bLuciana$0740658 801 0$aIT$bUNINA$gREICAT$2UNIMARC 901 $aBK 912 $a9910312350603321 952 $aC 1193 CAN$bs.i.$fDARPU 959 $aDARPU 996 $aRealtà dell'architettura$91548918 997 $aUNINA LEADER 01544oas 2200637 a 450 001 9910140476603321 005 20260218112804.0 011 $a2158-3226 035 $a(DE-599)ZDB2583909-3 035 $a(OCoLC)676918666 035 $a(CONSER) 2010202583 035 $a(CKB)2920000000000104 035 $a(DE-599)2583909-3 035 $a(EXLCZ)992920000000000104 100 $a20101103a20119999 uy a 101 0 $aeng 135 $aur||||||||||| 181 $ctxt$2rdacontent 182 $cc$2rdamedia 183 $acr$2rdacarrier 200 00$aAIP advances 210 $aMelville, NY $cAmerican Institute of Physics 300 $aRefereed/Peer-reviewed 517 1 $aAmerican Institute of Physics advances 531 0 $aAIP adv. 606 $aPhysics$xResearch$vPeriodicals 606 $aPhysics$xResearch$2fast$3(OCoLC)fst01063093 608 $aPeriodicals.$2fast 615 0$aPhysics$xResearch 615 7$aPhysics$xResearch. 676 $a530 712 02$aAmerican Institute of Physics. 801 0$bDLC 801 1$bDLC 801 2$bHEBIS 801 2$bKYUBL 801 2$bHNK 801 2$bMYG 801 2$bDLC 801 2$bCUS 801 2$bOCLCQ 801 2$bOCLCF 801 2$bOCLCQ 801 2$bMDAVP 801 2$bOCLCQ 801 2$bLIP 801 2$bCUS 801 2$bOCLCA 801 2$bAU@ 801 2$bOCLCQ 801 2$bAUD 801 2$bOCLCL 906 $aJOURNAL 912 $a9910140476603321 996 $aAIP advances$92279605 997 $aUNINA